Descerrega't l'APP de la Xarxa de Biblioteques Municipals i per saber quines biblioteques tens més a prop i les activitats que s'hi fan
Descripción Física:
1 targeta postal ; il. col. ; 11 x 15 cm.
Materias:
Biblioteques públiques -- Barcelona (Catalunya : Província)
; Aplicacions mòbils
; Targetes postals
Idioma:
Catalán
MARC
| LEADER | 00000nkm a22000007a 4500 | ||
|---|---|---|---|
| 001 | 27123 | ||
| 003 | Arxiu | ||
| 005 | 20260324181146.0 | ||
| 008 | 221220b spa||||| |||| 00| 0 cat d | ||
| 017 | |a B 1471-2014 | ||
| 040 | |a agdb |b cat | ||
| 245 | |a Descerrega't l'APP de la Xarxa de Biblioteques Municipals i per saber quines biblioteques tens més a prop i les activitats que s'hi fan | ||
| 260 | |a Barcelona : |b Diputació de Barcelona. Xarxa de Biblioteques Municipals ; |c 2014 | ||
| 300 | |a 1 targeta postal ; |b il. col. ; |c 11 x 15 cm. | ||
| 650 | 0 | |9 49209 |a Biblioteques públiques |x Barcelona (Catalunya : Província) | |
| 650 | 0 | |9 51716 |a Aplicacions mòbils | |
| 655 | 0 | |9 52685 |a Targetes postals | |
| 710 | 1 | |9 52650 |a Barcelona (Catalunya : Província). |b Xarxa de Biblioteques Municipals | |
| 942 | |2 udc |c ARXIU |n 1 | ||
| 952 | |0 0 |1 0 |2 udc |4 0 |6 NBM1644 |7 1 |9 64864 |a Arxiu |b Arxiu |d 2022-12-20 |l 0 |o NBM-16-44 |p 27123 |r 2022-12-20 00:00:00 |w 2022-12-20 |y ARXIU | ||
| 999 | |c 82830 |d 82830 | ||